[Event "ESP-ch U18"]
[Site "Salobrena"]
[Date "2020.08.21"]
[Round "8"]
[White "Romera Carrion, Ruben"]
[Black "Sanjuan Segura, Ignacio"]
[Result "1-0"]
[WhiteElo "1663"]
[BlackElo "1806"]
[PlyCount "61"]
[EventDate "2020.08.17"]
[EventType "swiss"]
[EventRounds "9"]
[EventCountry "ESP"]
[SourceTitle "CBM 197 Extra"]
[Source "ChessBase"]
[SourceDate "2020.09.30"]
[SourceVersion "1"]
[SourceVersionDate "2020.09.30"]
[SourceQuality "1"]

1. e4 c5 2. Nc3 Nc6 3. g3 g6 4. Bg2 Bg7 5. d3 d6 6. Nge2 Nf6 7. 0-0 0-0 8. h3 Rb8 9. Be3 b5 10. Qd2 b4 11. Nd5 e6 12. Nxf6+ Bxf6 13. d4 cxd4 14. Nxd4 Bb7 15. Nxc6 Bxc6 16. Bxa7 Rc8 17. Qxb4 Qc7 18. Bd4 Rb8 19. Qc3 e5 20. Be3 Qb7 21. Qd3 Be7 22. b3 f5 23. f3 Rbd8 24. c4 Bf6 25. Rad1 Bg7 26. a4 fxe4 27. fxe4 Rxf1+ 28. Rxf1 Rb8 29. Qxd6 Qxb3 30. Ba7 Ra8 31. Qxc6 1-0

[Event "Mondariz Cemar op 2nd"]
[Site "Mondariz"]
[Date "2015.08.23"]
[Round "9"]
[White "Romera Carrion, Ruben"]
[Black "Ferreiro Diaz, Miguel"]
[Result "1/2-1/2"]
[WhiteElo "1191"]
[BlackElo "1877"]
[PlyCount "63"]
[EventDate "2015.08.16"]
[EventType "swiss"]
[EventRounds "9"]
[EventCountry "ESP"]
[SourceTitle "EXT 2019"]
[Source "ChessBase"]
[SourceDate "2018.10.10"]
[SourceVersion "1"]
[SourceVersionDate "2018.10.10"]
[SourceQuality "1"]

1. d4 b5 2. e3 Bb7 3. Nf3 a6 4. Bd3 e6 5. 0-0 c5 6. c3 Nf6 7. Re1 Be7 8. e4 h6 9. e5 Nd5 10. Qc2 cxd4 11. cxd4 Nb4 12. Qe2 Nxd3 13. Qxd3 Nc6 14. a3 Rc8 15. Be3 0-0 16. Nbd2 d6 17. Bf4 dxe5 18. Bxe5 Nxe5 19. Nxe5 Bf6 20. f4 Qd6 21. Ne4 Bxe4 22. Rxe4 Rc7 23. Nf3 Rfc8 24. Rd1 Qd5 25. Rd2 Rc4 26. Ne5 Rc1+ 27. Kf2 Bh4+ 28. g3 Be7 29. Nf3 f6 30. Rde2 Kf7 31. Rxe6 Bf8 32. Qe4 1/2-1/2